[Event "17th ch-EU U16 Girls"]
[Site "Sibenik CRO"]
[Date "2007.09.19"]
[Round "6"]
[White "Muzychuk, M."]
[Black "Forgues, V."]
[Result "1-0"]
[WhiteElo "2330"]
[BlackElo "1983"]
[PlyCount "95"]
[EventDate "2007.09.14"]
[Source "www.chesslib.no"]
[SourceDate "2004.05.04"]

1. e4 e5 2. Nf3 Nc6 3. Bc4 Bc5 4. b4 Bb6 5. a4 a6 6. Nc3 Nf6 7. Nd5 Nxd5 8. exd5 Nd4 9. O-O Nxf3+ 10. Qxf3 O-O 11. Qg3 d6 12. Kh1 Qf6 13. Ra3 Qg6 14. Qh4 Qg4 15. Qxg4 Bxg4 16. a5 Ba7 17. f3 Bd7 18. d3 Rae8 19. Bd2 f5 20. Raa1 h6 21. Rab1 Bb5 22. Bxb5 axb5 23. Rfe1 Rf7 24. c4 bxc4 25. dxc4 e4 26. Be3 Bb8 27. f4 c6 28. dxc6 bxc6 29. b5 c5 30. b6 Kf8 31. a6 Rc8 32. Ra1 Re7 33. Reb1 Kf7 34. b7 Rd8 35. a7 Bxa7 36. Rxa7 Rb8 37. Kg1 Kf6 38. Rb6 Kf7 39. Rxd6 Rexb7 40. Bxc5 Rxa7 41. Bxa7 Rb7 42. Be3 Rb1+ 43. Kf2 Ke7 44. Rd2 Ke6 45. c5 Rb8 46. Rc2 Rc8 47. c6 Kd6 48. Bd4 1-0

[Event "Bayernliga 2000/01"]
[Site "?"]
[Date "2001.??.??"]
[Round "?"]
[White "Prediger Rupert"]
[Black "Urban Michael"]
[Result "1-0"]
[WhiteElo "2195"]
[BlackElo "2105"]
[PlyCount "75"]
[EventDate "2001.??.??"]
[Source "www.chesslib.no"]
[SourceDate "2004.05.04"]

1. e4 e5 2. Nf3 Nc6 3. Bc4 Bc5 4. b4 Bb6 5. a4 a6 6. Bb2 d6 7. b5 axb5 8. axb5 Rxa1 9. Bxa1 Nd4 10. Nxd4 exd4 11. c3 Nf6 12. d3 O-O 13. O-O d5 14. exd5 Nxd5 15. Qf3 Nf6 16. Nd2 Qd6 17. Ne4 Nxe4 18. Qxe4 dxc3 19. Bxc3 Be6 20. Bxe6 fxe6 21. Bb4 Bc5 22. Bxc5 Qxc5 23. Qxe6+ Kh8 24. Qc4 Qb6 25. d4 h6 26. Qc5 Qxc5 27. dxc5 Rf5 28. Rc1 b6 29. cxb6 cxb6 30. Rb1 Kg8 31. Rb4 Kf7 32. f4 Ke6 33. g4 Rd5 34. Kf2 Kd6 35. f5 Kc5 36. Rb2 Kc4 37. Rc2+ Kd4 38. Rd2+ 1-0

[Event "Migoya"]
[Site "?"]
[Date "1998.??.??"]
[Round "?"]
[White "Pelaez Contti Jorge Luis"]
[Black "Olivera Yosvany"]
[Result "0-1"]
[WhiteElo "2240"]
[BlackElo "2060"]
[PlyCount "52"]
[EventDate "1998.??.??"]
[Source "www.chesslib.no"]
[SourceDate "2004.05.04"]

1. e4 e5 2. Nf3 Nc6 3. Bc4 Bc5 4. b4 Bb6 5. a4 a6 6. O-O Nf6 7. a5 Ba7 8. Bb2 d6 9. b5 axb5 10. Bxb5 O-O 11. Bxc6 bxc6 12. d4 Rb8 13. Ba3 exd4 14. e5 Ne4 15. Nxd4 dxe5 16. Bxf8 Bxd4 17. Nd2 Nc3 18. Qh5 Qxf8 19. Nb3 g6 20. Qh4 Ne2+ 21. Kh1 Bxa1 22. Rxa1 Ba6 23. Qg5 Qd6 24. Qe3 Nd4 25. Qc3 Nxb3 26. cxb3 Qd4 0-1

[Event "Malaga Ch"]
[Site "Malaga ESP"]
[Date "1985.04.20"]
[Round "5"]
[White "Gomez Polo, Vicente"]
[Black "Cid Prolongo, Carlos"]
[Result "1/2-1/2"]
[WhiteElo "2297"]
[BlackElo "1995"]
[PlyCount "89"]
[EventDate "1985.03.23"]
[Source "www.chesslib.no"]
[SourceDate "2004.05.04"]

1. e4 e5 2. Nf3 Nc6 3. Bc4 Bc5 4. b4 Bb6 5. a4 a5 6. b5 Nd4 7. Bxf7+ Kxf7 8. Nxe5+ Kf8 9. Ba3+ d6 10. c3 Qg5 11. cxd4 Bxd4 12. O-O Qxe5 13. Nc3 Bxc3 14. dxc3 Nf6 15. b6 c5 16. f4 Qe7 17. e5 dxe5 18. fxe5 Qxe5 19. Qd8+ Qe8 20. Rxf6+ gxf6 21. Qxf6+ Kg8 22. Bxc5 h6 23. Bd4 Rh7 24. Rf1 Bd7 25. h3 Qh5 26. Rf3 Qg5 27. Qd6 h5 28. Rg3 Bg4 29. Be3 Qf5 30. hxg4 hxg4 31. Qd1 Rh4 32. Qb3+ Kh7 33. Bd4 Rf8 34. Qb5 Qxb5 35. axb5 Rf5 36. c4 Rf4 37. Rd3 g3 38. Rxg3 Rxd4 39. c5 Rd8 40. c6 bxc6 41. bxc6 Rb4 42. Rh3+ Kg6 43. b7 Rc4 44. Rb3 Rxc6 45. b8=Q 1/2-1/2

[Event "Kochan Mem Open, Koszalin POL"]
[Site "?"]
[Date "2001.??.??"]
[Round "6"]
[White "Moniszka, K."]
[Black "Glazik, M."]
[Result "1/2-1/2"]
[WhiteElo "2100"]
[BlackElo "2150"]
[PlyCount "65"]
[EventDate "2001.??.??"]
[Source "www.chesslib.no"]
[SourceDate "2004.05.04"]

1. e4 e5 2. Nf3 Nc6 3. Bc4 Bc5 4. b4 Bb6 5. a4 a6 6. a5 Ba7 7. O-O Nf6 8. d3 O-O 9. Bg5 h6 10. Bh4 d6 11. c3 Bg4 12. h3 Bd7 13. Na3 Kh7 14. Nh2 g5 15. Bg3 Ne7 16. Nc2 c6 17. Ne3 Ng6 18. Nhg4 Nf4 19. Qf3 Be6 20. Rfd1 Qe7 21. Bxe6 fxe6 22. Bxf4 gxf4 23. Nc4 Nxg4 24. hxg4 Rad8 25. Qh3 Qg5 26. Kf1 Rd7 27. Ke2 Rf6 28. Rh1 Kg8 29. Qh4 Kg7 30. Rh3 Qxh4 31. Rxh4 Rd8 32. Rah1 Bb8 33. Rh5 1/2-1/2